000 02623nam0a2200421 4500
001 RU\NLR\BIBL_A\011384610
005 20260408203758.0
010 _a9785828508228
_9100
021 _aRU
_b2017-26996
_91994
035 _a(RuMoRGB)008855860
035 _a(NLR Aleph) 011384610
090 _a11420065
_c11420065
100 _a20170512d2016 k y0rusy50 ca
101 0 _arus
102 _aRU
105 _ay z 000zy
200 1 _aПсихолого-педагогическая деятельность: сферы сотрудничества и взаимодействия
_eматериалы II Межрегиональной заочной научно-практической интернет-конференции с международным участием, Кострома, 12-15 октября 2016 года
_f[сост.: Т. Е. Коровкина]
210 _aКострома
_cКГУ
_d2016
215 _a392, [1] с.
_cил.
_d20
300 _aВ надзаг.: М-во образования и науки Российской Федерации, Костромской государственный университет
320 _aБиблиогр. в конце ст.
606 1 _aУчащиеся
_jСъезды, совещания и т.п
_xПедагогическая поддержка
_92548829
_3RU\NLR\AUTH\661508382
606 1 _aСоциальные педагоги
_jСъезды, совещания и т.п
_xМетодика работы
_92360715
_3RU\NLR\AUTH\661409727
606 _aПедагогическая психология
_jСъезды, совещания и т.п
_91006945
_3RU\NLR\AUTH\6665004
606 _aДети
_jСъезды, совещания и т.п
_xПедагогическая поддержка
_92612582
_3RU\NLR\AUTH\661549140
686 _aЮ9я431(0)
_2rubbk
686 _aЧ30я431(0)
_2rubbk
686 1 _aЧ313я431
686 1 _aЧ421.421я431
686 1 _aЮ984.0я431
686 1 _aЮ940я431
702 1 _aКоровкина
_bТ. Е.
_gТатьяна Евгеньевна
_4220
711 1 2 _a"Психолого-педагогическая деятельность: сферы сотрудничества и взаимодействия", межрегиональная заочная научно-практическая Интернет-конференция с международным участием
_d2
_eКострома
_f2016
_9557123
_3RU\NLR\AUTH\880446762
942 _cBOOK
980 _aNBR